000 00685nam a2200229 a 4500
005 20191224041558.0
008 140226b1998 sp ||||gr|||| 00| 0 spa d
040 _aCO-BoIAVH
_cCO-BoIAVH
041 _aspa
044 _asp
082 _a344.046
_bP72l
100 _aPlaza, C.
_911573
245 _aComunidad europea y la protección del medio ambiente, Baeza 15-16 de Junio de 1998
260 _aBaeza
_bNo Importado
_c1998
300 _a100 p.
650 _aComunidad Europea
_911355
650 _aLegislación ambiental
_950874
650 _aParticipación comunitaria
_950875
650 _aConvenios internacionales
_93879
700 _aSomsen, H.
_911575
942 _cImpreso
_2z
999 _c1270
_d1270